Normal view
MARC view
Entry Personal Name
001 - CONTROL NUMBER
- control field: 21037
003 - CONTROL NUMBER IDENTIFIER
- control field: dpl
005 - DATE AND TIME OF LATEST TRANSACTION
- control field: 20100921160703.0
008 - FIXED-LENGTH DATA ELEMENTS
- fixed length control field: 100921|||a|||||| | ||| d
040 ## - CATALOGING SOURCE
- Original cataloging agency: dpl
- Transcribing agency: dpl
100 ## - HEADING--PERSONAL NAME
- Personal name: Karhani, Shamim
670 ## - SOURCE DATA FOUND
- Source citation: Work cat.: (dpl): 17455 Jagjit Singh, Someone somewhere /, 1990
670 ## - SOURCE DATA FOUND
- Source citation: Work cat.: (dpl): 17455 Jagjit Singh, Someone somewhere /, 1990
